Rapper Mugshots - Statistics

General Stats
  • This quiz has been taken 95 times
    32 since last reset
  • The average score is 28 of 47
Answer Stats
Picture Hint Answer % Correct
Found in club 50 Cent
95%
Trollz us too much 6ix9ine
95%
Cooked Jimmy 21 Savage
90%
Had too many ambitions az a rider 2Pac
90%
Foiled God's plan Drake
86%
He did it without me Eminem
81%
Admitted to having green face Blueface
76%
Had same flow on all songs DaBaby
76%
He shot ya Diddy
76%
Melted Ice Cube
76%
Actually had 100 problems Jay-Z
76%
Was an OutKast André 3000
71%
Was a bandit in a robbery Juice WRLD
71%
Forgot how to love Lil Wayne
71%
Forgot about Dre Snoop Dogg
71%
Cussed in his raps to sell records Will Smith
71%
Counted all the stars with SZA Kendrick Lamar
67%
Rode a starship with an anaconda Nicki Minaj
67%
Too much of a FE!Nd Travis Scott
67%
Caused an EARFQUAKE Tyler, the Creator
67%
Had an ice ice baby Vanilla Ice
67%
Couldn't keep his dick in his pants XXXTENTACION
67%
Didn't spend enough time in Gangsta's Paradise Coolio
62%
Duz-it-Eazy Eazy-E
62%
Trapped the queen Fetty Wap
62%
Shot a flow NLE Choppa
62%
Hypnotized Big Poppa The Notorious B. I. G.
62%
Fucked tha police Dr. Dre
57%
Left her at the O King Von
57%
Dripped too hard Lil Baby
57%
Boogied in a t-shirt A Boogie Wit Da Hoodie
52%
Looked into his past Future
52%
Went broke NBA Youngboy
52%
Had too many Fuckin Problems A$AP Rocky
48%
Started a Gucci gang Lil Pump
48%
Was in a NY state of mind Nas
48%
Made mama cry YNW Melly
48%
Found where the hood's at DMX
43%
Crap devil MGK
43%
Also had same flow on every song Playboi Carti
43%
Went to Havanna Young Thug
43%
Caught on 6locc 6locc 6a6y Lil Loaded
38%
Cut his hair Afroman
33%
Grew up BabyTron
29%
Hurt Ms. Jackson Big Boi
24%
Didn't like it Cardi B
24%
Moved to Georgia Flo Rida
19%
No matching quizzes found
Score Distribution
Percent of People with Each Score
Percentile by Number Answered
Your Score History
You have not taken this quiz since the last reset